Szczegóły MARC21

Historia literatury rosyjskiej : praca zbiorowa. T. 1 /

003 -Nazwa inst., której nr kontr. jest w polu 001 [,]
    • @
    • Nazwa instytucji, której n kontrolny jest w polu 001
    • NUKAT
005 -DATA I CZAS OSTATNIEJ MODYFIKACJI [,]
    • @
    • pole kontrolne
    • 20241231094636.0
040 -Instytucja sporządzająca opis [ , ]
    • a
    • Instytucja, która sporządziła opis (NP)
    • TOR U/GS
    • b
    • Język katalogowania
    • pol
    • e
    • Zasady katalogowania
    • rda
    • c
    • Instytucja, która sporządziła rekord (NP)
    • TOR U/GS
    • d
    • Instytucja, która zmodyfikowała rekord (P)
    • TOR U/AP
    • d
    • Instytucja, która zmodyfikowała rekord (P)
    • LUBL M/ASs
    • d
    • Instytucja, która zmodyfikowała rekord (P)
    • KAT U/41BM
942 -Rodzaj dokumentu [ , ]
    • c
    • Rodzaj dokumentu
    • Książka
245 -Strefa tytułu i oznaczenia odpowiedzialności [0,0]
    • a
    • Tytuł
    • Historia literatury rosyjskiej : Find
    • b
    • Ciąg dalszy tytułu (NP)
    • praca zbiorowa. Find
    • n
    • Oznaczenie części (P)
    • T. 1 /
    • c
    • Pozostałe elementy strefy tytułu i oznaczenia odpowiedzialności (NP)
    • pod redakcją Mariana Jakóbca ; autorzy: Zbigniew Barański [i 12 innych].
250 -Strefa wydania [ , ]
    • a
    • Oznaczenie wydania (NP)
    • Wydanie drugie, zmienione.
260 -Strefa adresu wydawniczego [ , ]
    • a
    • Miejsce wydania (P)
    • Warszawa :
    • b
    • Nazwa wydawcy (P)
    • Państwowe Wydawnictwo Naukowe,
    • c
    • Data wydania (P)
    • 1976.
300 -Strefa opisu fizycznego [ , ]
    • a
    • Określenie formy książki i/lub objętość (NP)
    • 784 strony :
    • b
    • Oznaczenie ilustracji (NP)
    • ilustracje ;
    • c
    • Format (NP)
    • 25 cm.
336 -Typ zawartości [ , ]
    • a
    • Termin opisujący typ zawartości
    • Tekst
    • b
    • Kod określający zawartość
    • txt
    • 2
    • Źródło (terminu i kodu)
    • rdacontent
337 -Typ mediów [ , ]
    • a
    • Tryb odtwarzania
    • Bez urządzenia pośredniczącego
    • b
    • Kod typu mediów
    • n
    • 2
    • Źródło (terminu i kodu)
    • rdamedia
338 -Typ/rodzaj nośnika [ , ]
    • a
    • Hasło opisujące typ nośnika
    • Wolumin
    • b
    • Kod typu nośnika
    • nc
    • 2
    • Źródło (terminu i kodu)
    • rdacarrier
080 -Uniwersalna Klasyfikacja Dziesiętna [ , ]
    • 2
    • Identyfikator wydania tablic
    • UDC-P058
    • a
    • Symbol klasyfikacji
    • 821.161.1(091)
    • b
    • Dopowiedzenie
    • Literatura rosyjska (historia). - opracowania krytyczne.
    • x
    • Poddział wspólny
    • (075.8)
    • b
    • Dopowiedzenie
    • (Podręczniki dla szkół wyższych. Skrypty).
650 -Hasło przedmiotowe [ ,7]
    • a
    • Hasło przedmiotowe
    • Literatura rosyjska
    • y
    • Określnik chronologiczny
    • przed 1700
    • x
    • Określnik rzeczowy
    • historia i krytyka.
    • 2
    • Źródło terminu
    • kaba
    • 9
    • KHW
    • 354867
650 -Hasło przedmiotowe [ ,7]
    • a
    • Hasło przedmiotowe
    • Literatura rosyjska
    • y
    • Określnik chronologiczny
    • 18 w.
    • x
    • Określnik rzeczowy
    • historia i krytyka.
    • 2
    • Źródło terminu
    • kaba
    • 9
    • KHW
    • 354484
650 -Hasło przedmiotowe [ ,7]
    • a
    • Hasło przedmiotowe
    • Literatura rosyjska
    • y
    • Określnik chronologiczny
    • 19 w.
    • x
    • Określnik rzeczowy
    • historia i krytyka.
    • 2
    • Źródło terminu
    • kaba
    • 9
    • KHW
    • 351229
650 -Hasło przedmiotowe [ ,7]
    • a
    • Hasło przedmiotowe
    • Literatura rosyjska
    • x
    • Określnik rzeczowy
    • historia i krytyka
    • v
    • Określnik formalny
    • podręczniki akademickie.
    • 2
    • Źródło terminu
    • kaba
    • 9
    • KHW
    • 363514
980 -Symbol UKD [ , ]
    • a
    • UKD
    • 821.161.1(091)(075.8)
700 -Hasło dodatkowe - nazwa osobowa [1, ]
    • a
    • Nazwa osobowa (NP)
    • Jakóbiec, Marian Find
    • d
    • Daty biograficzne (NP)
    • (1910-1998).
    • e
    • Określenie rodzaju współpracy
    • Redakcja
    • 9
    • KHW
    • 43281
700 -Hasło dodatkowe - nazwa osobowa [1, ]
    • a
    • Nazwa osobowa (NP)
    • Barański, Zbigniew Find
    • d
    • Daty biograficzne (NP)
    • (1925-2009).
    • e
    • Określenie rodzaju współpracy
    • Autor
    • 9
    • KHW
    • 43282
710 -Hasło dodatkowe - nazwa ciała zbiorowego [2, ]
    • a
    • Nazwa ciała zbiorowego lub nazwa geograficzna jako pierwszy element (NP)
    • Państwowe Wydawnictwo Naukowe (1951-1992).
    • e
    • Rodzaj współpracy
    • Wydawca
    • 4
    • Kod relacji
    • pbl
    • 9
    • KHW
    • 52048
Uwagi nie widoczne w OPAC Status udost. Sygnatura Numer inwentarzowy Data inwentaryzacji Lokalizacja
retrokonwersja1Z.22774Z.22774 BG
retrokonwersja-5W.53261W.53261 BG
retrokonwersja-5W.53261W.53263 BG
retrokonwersja-5W.53261W.53264 BG
retrokonwersja-5W.53261W.53265 BG
retrokonwersja-5W.53261W.53266 BG
retrokonwersja-5W.53261W.53268 BG
retrokonwersja-5W.53261W.53269 BG
retrokonwersja-5W.53261W.53262 BG
retrokonwersja2W.53261W.53270 BG
retrokonwersja-5W.53261W.53271 BG
retrokonwersja-5W.53261W.53273 BG
retrokonwersja-5W.53261W.53274 BG
retrokonwersja-5W.53261W.53275 BG
retrokonwersja-5W.53261W.53276 BG
retrokonwersja-5W.53261W.53277 BG
retrokonwersja-5W.53261W.53278 BG
retrokonwersja-5W.53261W.53279 BG
retrokonwersja-5W.53261W.53281 BG
retrokonwersja-5W.53261W.53282 BG
retrokonwersja2W.53261W.53283 BG
retrokonwersja-5W.53261W.53284 BG
retrokonwersja-5W.53261W.53280 BG
retrokonwersja-5W.53261W.53846 BG
retrokonwersja-5W.53261W.53847 BG
retrokonwersja-6W.53261W.53272 BG
retrokonwersja-3 W.53267 BG
retrokonwersja-3 R.171 BM
retrokonwersja1ROS. Historia lit. rosyjskiej 03P.171 BM
 182.2/H-69ANS.123996 BNS